Normal view
MARC view
- Tahseen Jabbar
Entry Personal Name
001 - CONTROL NUMBER
- control field: 9770
003 - CONTROL NUMBER IDENTIFIER
- control field: NUST
005 - DATE AND TIME OF LATEST TRANSACTION
- control field: 20180124150747.0
008 - FIXED-LENGTH DATA ELEMENTS
- fixed length control field: 180124|| aca||aabn | a|a d
040 ## - CATALOGING SOURCE
- Original cataloging agency: NUST
- Transcribing agency: NUST
100 ## - HEADING--PERSONAL NAME
- Personal name: Tahseen Jabbar
670 ## - SOURCE DATA FOUND
- Source citation: Work cat.: (NUST)323372: Tahseen Jabbar, Sabzion ka Incyclopedia , Vegeterian cook book, 2003
